00916 2200217 4500001002100000005001500021035002000036008004100056020001800097041000800115082001100123084001700134100002300151245006900174260002600243300003700269500001900306520032000325650002900645990002400674INLIS00000000000652220241018100312 a0010-0520006522241018 | 0 eng  a0-19-825634-5 aeng a347.07 a347.07 CAP j0 aCappelletti, Mauro14aJudicial Process in Comparative Perspective /cMauro Cappelletti aLondon :bBoom,c1989 aXXXIII, 417 hlm ; 22 cm ;c22 cm aIndeks : Index aThis book is about the Judicial Process in Comparative Perspective and divided into 4 parts: The Evolving Role and Responsibility of Judges, The Expansion and Legitimacy of Judicial Review, Social Justice and the Public Interest: New Challenges for the Judiciary, dan Promoting Legal Integration through the Courts. 4aProses Sidang Pengadilan a00258/MKRI-P/V-2007